[Event "EU-ch Rapid"]
[Site "Zagreb"]
[Date "2023.12.14"]
[Round "1"]
[White "Sarana, Alexey"]
[Black "Przybylski, Bartosz"]
[Result "1-0"]
[WhiteElo "2688"]
[BlackElo "2085"]
[PlyCount "61"]
[EventDate "2023.12.14"]
[EventType "swiss (rapid)"]
[EventRounds "11"]
[EventCountry "CRO"]
[SourceTitle "CB51_2023"]
[SourceDate "2023.12.20"]
[SourceVersion "1"]
[SourceVersionDate "2023.12.20"]
[SourceQuality "1"]

1. d4 Nf6 2. c4 c5 3. d5 e5 4. Nc3 d6 5. e4 Be7 6. Be2 0-0 7. Nf3 h6 8. h3 Nh7 9. Be3 f5 10. exf5 Bxf5 11. Bd3 a6 12. Bxf5 Rxf5 13. Qd3 Rf7 14. Ne4 Nd7 15. Nfd2 Ndf6 16. Ng3 Qd7 17. a4 Bd8 18. a5 Rb8 19. 0-0 h5 20. f4 h4 21. Nge4 Nxe4 22. Nxe4 exf4 23. Bxf4 Be7 24. Nxc5 dxc5 25. Bxb8 Bf6 26. Kh1 Qc8 27. Be5 Bxe5 28. Rxf7 Ng5 29. Rf5 Nf7 30. Raf1 Bf6 31. Rxf6 1-0

[Event "EU-ch Blitz"]
[Site "Katowice"]
[Date "2022.12.16"]
[Round "4"]
[White "Przybylski, Bartosz"]
[Black "Arkell, Keith C"]
[Result "1-0"]
[WhiteElo "2085"]
[BlackElo "2406"]
[PlyCount "131"]
[EventDate "2022.12.16"]
[EventType "swiss (blitz)"]
[EventRounds "22"]
[EventCountry "POL"]
[SourceTitle "CBM 211 Extra"]
[Source "ChessBase"]
[SourceDate "2023.01.31"]
[SourceVersion "1"]
[SourceVersionDate "2023.01.31"]
[SourceQuality "1"]

1. e4 c6 2. c4 d5 3. cxd5 cxd5 4. exd5 Nf6 5. Nc3 Nxd5 6. d4 Nxc3 7. bxc3 g6 8. Nf3 Bg7 9. Be2 0-0 10. 0-0 Nc6 11. Bb2 Bg4 12. h3 Bxf3 13. Bxf3 Rc8 14. Re1 e6 15. Rb1 Na5 16. Ba3 Re8 17. Bb4 Nc6 18. Bc5 b6 19. Ba3 Na5 20. Bb2 Nc4 21. Ba1 Qc7 22. Qe2 Red8 23. Be4 a6 24. Bd3 b5 25. a4 Qc6 26. axb5 axb5 27. Be4 Qd7 28. Rb3 Bh6 29. Rd1 Rc7 30. Bb2 Nxb2 31. Qxb2 Rdc8 32. Rxb5 Rxc3 33. Rb7 Qd6 34. Rb3 R3c4 35. Rbd3 Bg7 36. Qd2 Rd8 37. Bf3 Rxd4 38. Rxd4 Bxd4 39. Kh1 Kg7 40. g3 h5 41. h4 e5 42. Kg2 Rb8 43. Rc1 Rb2 44. Rc2 Rb6 45. Qd3 Qe6 46. Qe2 Rb3 47. Rd2 Qf5 48. Be4 Qf6 49. Bd5 Rb1 50. Qd3 Ra1 51. Qf3 Qe7 52. Re2 Qc7 53. Bb3 f5 54. Qd5 Ra7 55. Rc2 Qe7 56. Rc8 Kh6 57. Rh8+ Kg7 58. Rg8+ Kh7 59. Rc8 Qg7 60. Qc6 Re7 61. Rg8 Qh6 62. Qf6 Rg7 63. Re8 f4 64. Qf8 g5 65. Bg8+ Kg6 66. Re6# 1-0

[Event "EU-ch Blitz"]
[Site "Katowice"]
[Date "2022.12.16"]
[Round "5"]
[White "Przybylski, Bartosz"]
[Black "Stremavicius, Pijus"]
[Result "0-1"]
[WhiteElo "2085"]
[BlackElo "2369"]
[PlyCount "72"]
[EventDate "2022.12.16"]
[EventType "swiss (blitz)"]
[EventRounds "22"]
[EventCountry "POL"]
[SourceTitle "CBM 211 Extra"]
[Source "ChessBase"]
[SourceDate "2023.01.31"]
[SourceVersion "1"]
[SourceVersionDate "2023.01.31"]
[SourceQuality "1"]

1. e4 d6 2. Nf3 Nf6 3. Nc3 g6 4. d4 Bg7 5. Bd3 0-0 6. 0-0 a6 7. a4 Nc6 8. h3 e5 9. dxe5 dxe5 10. Bc4 Qe7 11. Bg5 Qb4 12. Bb3 Be6 13. Nd5 Bxd5 14. exd5 Nd4 15. Nxd4 exd4 16. Qf3 Nd7 17. Bf4 Ne5 18. Qg3 Rfe8 19. Rad1 Rad8 20. Bg5 Rd7 21. Qh4 c5 22. dxc6 Nxc6 23. Bf6 Na5 24. Bxg7 Kxg7 25. Qg4 Ree7 26. Qg3 d3 27. Rxd3 Nxb3 28. cxb3 Rc7 29. Rc3 Rcd7 30. Qf3 Rd2 31. Rc4 Qd6 32. Qc3+ f6 33. b4 Ree2 34. Rc7+ Kh6 35. Rc5 Qf4 36. Rc4 Rxf2 0-1

[Event "Opole Termika Blitz op"]
[Site "Opole"]
[Date "2021.07.18"]
[Round "11"]
[White "Steczek, Marcin"]
[Black "Przybylski, Bartosz"]
[Result "0-1"]
[WhiteElo "2358"]
[BlackElo "2085"]
[PlyCount "96"]
[EventDate "2021.07.18"]
[EventType "swiss (blitz)"]
[EventRounds "13"]
[EventCountry "POL"]
[SourceTitle "CBM 203 Extra"]
[Source "ChessBase"]
[SourceDate "2021.09.30"]
[SourceVersion "1"]
[SourceVersionDate "2021.09.30"]
[SourceQuality "1"]

1. Nf3 c5 2. b3 d6 3. Bb2 e5 4. c4 Nc6 5. Nc3 f5 6. e3 Nf6 7. Be2 Be7 8. a3 0-0 9. d3 Kh8 10. 0-0 Rg8 11. b4 cxb4 12. axb4 Nxb4 13. d4 e4 14. Ng5 Qe8 15. Qa4 Nc6 16. Nd5 Nxd5 17. cxd5 Bxg5 18. dxc6 bxc6 19. Rfc1 Bd7 20. Qa3 f4 21. exf4 Bxf4 22. Rc3 d5 23. g3 Bg5 24. Bc1 Be7 25. Qa6 Qc8 26. Qa5 Rf8 27. Be3 Qb7 28. Qa2 Rfb8 29. Bf4 Rf8 30. Rb1 Qc8 31. Ba6 Qe8 32. Be3 Qf7 33. Rbc1 Qf3 34. Be2 Qf7 35. Bf1 a5 36. Ra1 a4 37. Qc2 a3 38. Bc1 Qf6 39. Qd2 Bb4 40. Ra2 c5 41. Qc2 Bxc3 42. Qxc3 cxd4 43. Qc7 Be6 44. Bf4 d3 45. Be5 Qf7 46. Qc5 d4 47. Rxa3 Rxa3 48. Qxa3 Qxf2+ 0-1

[Event "Opole Termika Rapid op"]
[Site "Opole"]
[Date "2021.07.17"]
[Round "3"]
[White "Przybylski, Bartosz"]
[Black "Jaracz, Pawel"]
[Result "0-1"]
[WhiteElo "2085"]
[BlackElo "2456"]
[PlyCount "86"]
[EventDate "2021.07.17"]
[EventType "swiss (rapid)"]
[EventRounds "9"]
[EventCountry "POL"]
[SourceTitle "CBM 203 Extra"]
[Source "ChessBase"]
[SourceDate "2021.09.30"]
[SourceVersion "1"]
[SourceVersionDate "2021.09.30"]
[SourceQuality "1"]

1. e4 c5 2. Nf3 e6 3. Bc4 Nc6 4. c3 d5 5. exd5 exd5 6. Bb5 Bd6 7. d4 Nge7 8. 0-0 0-0 9. Re1 Bg4 10. Be2 c4 11. Bg5 Qc7 12. h3 Bf5 13. Nbd2 b5 14. b3 Ba3 15. Nh4 Bb2 16. Nxf5 Nxf5 17. Rb1 Bxc3 18. Bf3 h6 19. Qc2 Bxd2 20. Bxd2 Ncxd4 21. Qc3 b4 22. Qxb4 Nc2 23. Qc3 Nxe1 24. Rxe1 Rad8 25. Bg4 Nd6 26. Qg3 Qc6 27. Bc3 d4 28. Bxd4 Nf5 29. Bxf5 Rxd4 30. bxc4 Rxc4 31. Qe3 Qc5 32. Qf3 Rc1 33. Rxc1 Qxc1+ 34. Kh2 Qb2 35. a3 Rd8 36. a4 g6 37. Be4 Rd2 38. Kg1 Qa1+ 39. Kh2 Qxa4 40. Qe3 Qd4 41. Qf3 Rxf2 42. Qg3 Rf6 43. Bf3 Qf4 0-1

[Event "EU-ch blitz"]
[Site "Katowice"]
[Date "2017.12.15"]
[Round "4"]
[White "Fressinet, Laurent"]
[Black "Przybylski, Bartosz"]
[Result "1/2-1/2"]
[WhiteElo "2662"]
[BlackElo "2085"]
[PlyCount "92"]
[EventDate "2017.12.15"]
[EventType "swiss (blitz)"]
[EventRounds "22"]
[EventCountry "POL"]
[SourceTitle "CBM 182 Extra"]
[Source "ChessBase"]
[SourceDate "2018.02.23"]
[SourceVersion "1"]
[SourceVersionDate "2018.02.23"]
[SourceQuality "1"]

1. e4 c5 2. Nf3 e6 3. g3 Nc6 4. Bg2 d5 5. exd5 exd5 6. 0-0 Be7 7. d4 c4 8. b3 cxb3 9. axb3 Nf6 10. Ne5 0-0 11. Ba3 Bf5 12. Nxc6 bxc6 13. Nc3 Re8 14. Qd2 Qd7 15. Bxe7 Rxe7 16. Rfe1 Rae8 17. Rxe7 Qxe7 18. Bf1 h6 19. f3 Qe3+ 20. Qxe3 Rxe3 21. Nd1 Re7 22. c3 Bc2 23. Kf2 Bxb3 24. Ne3 Ne8 25. Rb1 Rb7 26. Bd3 a5 27. Re1 Nd6 28. Ra1 a4 29. Ke2 Kf8 30. Kd2 g6 31. Nc2 Nc4+ 32. Bxc4 dxc4 33. Na3 c5 34. dxc5 Rc7 35. Re1 Rxc5 36. Re4 Rd5+ 37. Rd4 Rxd4+ 38. cxd4 Ke7 39. Kc3 Kd6 40. f4 f6 41. Nb1 Kd5 42. Na3 Kd6 43. Nb1 Kd5 44. Na3 Kd6 45. Nb1 Kd5 46. Na3 Kd6 1/2-1/2

[Event "POL-chT3 Wielkopolskie 1314"]
[Site "Poland"]
[Date "2014.02.16"]
[Round "6.14"]
[White "Pilzak, Marcin"]
[Black "Przybylski, Bartosz"]
[Result "1-0"]
[WhiteElo "1823"]
[BlackElo "2105"]
[PlyCount "81"]
[EventDate "2013.10.27"]
[EventType "team-tourn"]
[EventRounds "11"]
[EventCountry "POL"]
[SourceTitle "EXT 2015"]
[Source "ChessBase"]
[SourceDate "2014.11.20"]
[SourceVersion "1"]
[SourceVersionDate "2014.11.20"]
[SourceQuality "1"]
[WhiteTeam "Leszno Wieniawa"]
[BlackTeam "Kornik MUKS Wieza Kornicka"]
[WhiteTeamCountry "POL"]
[BlackTeamCountry "POL"]

1. e4 c5 2. Nf3 e6 3. d4 cxd4 4. Nxd4 a6 5. Bd3 Qc7 6. 0-0 Nc6 7. Be3 Nf6 8. c4 Ne5 9. h3 Bc5 10. f4 Qb6 11. fxe5 Bxd4 12. Bf2 Qxb2 13. exf6 Qxa1 14. fxg7 Bxf2+ 15. Rxf2 Qxg7 16. Qf3 d6 17. c5 dxc5 18. e5 c4 19. Bc2 Bd7 20. Qxb7 Rd8 21. Qe4 Rc8 22. Nc3 Bc6 23. Qf4 Bd5 24. Ba4+ Ke7 25. Qh4+ Kf8 26. Nxd5 exd5 27. e6 Qg6 28. Rxf7+ Kg8 29. Rf3 Qxe6 30. Qg5+ Qg6 31. Qxd5+ Kg7 32. Qe5+ Kg8 33. Rg3 Qxg3 34. Qxg3+ Kf7 35. Qf4+ Ke6 36. Qe4+ Kd6 37. Qd4+ Kc7 38. Qxc4+ Kb7 39. Qd5+ Kb6 40. Qd6+ Ka5 41. Bc6 1-0

[Event "POL-chT3 Wielkopolskie 1314"]
[Site "Poland"]
[Date "2014.01.05"]
[Round "5.13"]
[White "Zakrzewski, Marek"]
[Black "Przybylski, Bartosz"]
[Result "0-1"]
[WhiteElo "2166"]
[BlackElo "2105"]
[PlyCount "116"]
[EventDate "2013.10.27"]
[EventType "team-tourn"]
[EventRounds "11"]
[EventCountry "POL"]
[SourceTitle "EXT 2015"]
[Source "ChessBase"]
[SourceDate "2014.11.20"]
[SourceVersion "1"]
[SourceVersionDate "2014.11.20"]
[SourceQuality "1"]
[WhiteTeam "Trzcianka MKS przy MDK"]
[BlackTeam "Kornik MUKS Wieza Kornicka"]
[WhiteTeamCountry "POL"]
[BlackTeamCountry "POL"]

1. e4 c5 2. Nf3 e6 3. d4 cxd4 4. Nxd4 a6 5. Nc3 Qc7 6. Bd3 Nc6 7. Be3 Nf6 8. 0-0 Ne5 9. h3 Bc5 10. Kh1 d6 11. f4 Ned7 12. Qe1 0-0 13. a4 Qb6 14. a5 Qa7 15. Qf2 e5 16. Nf5 Bxe3 17. Nxe3 exf4 18. Qxf4 Ne5 19. Ne2 Qc5 20. Ng3 Ng6 21. Qf2 Be6 22. Qd2 Qe5 23. Ngf5 Nxe4 24. Bxe4 Qxe4 25. Qxd6 Rad8 26. Qc5 Nf4 27. Nd6 Qc6 28. Qxc6 bxc6 29. Nb7 Rd4 30. Nc5 Nh5 31. Rfd1 Rxd1+ 32. Rxd1 g6 33. b4 Bc8 34. Rd6 Re8 35. Rxc6 f5 36. Nd5 Kg7 37. Kg1 f4 38. Kf2 g5 39. Nc7 Re3 40. N7xa6 Ng3 41. Nd3 Re2+ 42. Kg1 Rd2 43. Nf2 Bf5 44. Nc5 Re2 45. Ncd3 Bxd3 46. Nxd3 Rd2 47. Re6 Rxc2 48. Re1 Ra2 49. Nc5 h5 50. a6 g4 51. hxg4 hxg4 52. b5 f3 53. gxf3 gxf3 54. Re7+ Kf8 55. Ne6+ Kxe7 56. Nf4 Ne2+ 57. Nxe2 fxe2 58. Kf2 Kd6 0-1

[Event "POL-chT2"]
[Site "Poronin"]
[Date "2013.09.11"]
[Round "5.81"]
[White "Przybylski, Bartosz"]
[Black "Rozycki, Bartlomiej"]
[Result "1/2-1/2"]
[WhiteElo "2097"]
[BlackElo "2002"]
[PlyCount "75"]
[EventDate "2013.09.06"]
[EventType "team-swiss"]
[EventRounds "9"]
[EventCountry "POL"]
[SourceTitle "EXT 2015"]
[Source "ChessBase"]
[SourceDate "2014.11.20"]
[SourceVersion "1"]
[SourceVersionDate "2014.11.20"]
[SourceQuality "1"]
[WhiteTeam "Kornik MUKS Wieza Kornicka"]
[BlackTeam "Chylice UKS Szachylice"]
[WhiteTeamCountry "POL"]
[BlackTeamCountry "POL"]

1. Nf3 d5 2. c4 e6 3. e3 Nf6 4. b3 c5 5. cxd5 exd5 6. d4 Nc6 7. Be2 cxd4 8. Nxd4 Bb4+ 9. Bd2 Bxd2+ 10. Qxd2 Ne4 11. Qb2 Qf6 12. 0-0 0-0 13. Nd2 Nxd4 14. exd4 Nxd2 15. Qxd2 Be6 16. Rac1 Rfc8 17. Rfd1 Qd8 18. b4 a6 19. h3 Rxc1 20. Rxc1 Rc8 21. Rc5 b6 22. Rc3 Rxc3 23. Qxc3 a5 24. a3 g6 25. Qc6 axb4 26. axb4 Kg7 27. Bf3 h5 28. Kh2 h4 29. Bg4 Bxg4 30. hxg4 g5 31. Kg1 f6 32. Qe6 Kf8 33. Kf1 Kg7 34. Kg1 Kf8 35. Kf1 Kg7 36. Kg1 Kf8 37. Kf1 Kg7 38. Kg1 1/2-1/2

[Event "POL-chT2"]
[Site "Poronin"]
[Date "2013.09.07"]
[Round "1.68"]
[White "Zgadzaj, Rafal"]
[Black "Przybylski, Bartosz"]
[Result "0-1"]
[WhiteElo "2166"]
[BlackElo "2097"]
[PlyCount "54"]
[EventDate "2013.09.06"]
[EventType "team-swiss"]
[EventRounds "9"]
[EventCountry "POL"]
[SourceTitle "EXT 2015"]
[Source "ChessBase"]
[SourceDate "2014.11.20"]
[SourceVersion "1"]
[SourceVersionDate "2014.11.20"]
[SourceQuality "1"]
[WhiteTeam "Chroscice LZS Victoria"]
[BlackTeam "Kornik MUKS Wieza Kornicka"]
[WhiteTeamCountry "POL"]
[BlackTeamCountry "POL"]

1. Nf3 Nf6 2. g3 c5 3. d4 cxd4 4. Nxd4 Nc6 5. Bg2 g6 6. Nxc6 bxc6 7. c4 Bg7 8. Nc3 0-0 9. 0-0 Bb7 10. Qa4 Qc7 11. c5 Nd5 12. Nd1 f5 13. Rb1 a5 14. Re1 Ba6 15. Bd2 Bb5 16. Bxd5+ e6 17. Bxe6+ dxe6 18. Qb3 Qd7 19. Bc3 a4 20. Qc2 e5 21. Bb4 f4 22. Nc3 fxg3 23. hxg3 Qd4 24. Qe4 Qxf2+ 25. Kh1 Rf5 26. g4 Qh4+ 27. Kg1 Rf4 0-1

[Event "POL-chT 3rd League Wielkopolska 12/13"]
[Site "Poznan"]
[Date "2013.01.06"]
[Round "4.3"]
[White "Przybylski, Bartosz"]
[Black "Kowalczuk, Mikolaj"]
[Result "1/2-1/2"]
[WhiteElo "2105"]
[BlackElo "1909"]
[PlyCount "144"]
[EventDate "2012.11.25"]
[EventType "team-tourn"]
[EventRounds "11"]
[EventCountry "POL"]
[SourceTitle "EXT 2014"]
[Source "ChessBase"]
[SourceDate "2013.11.20"]
[SourceVersion "1"]
[SourceVersionDate "2013.11.20"]
[SourceQuality "1"]
[WhiteTeam "Kornik MUKS Wieza Kornicka"]
[BlackTeam "Rawicz Korona Rawbud"]
[WhiteTeamCountry "POL"]
[BlackTeamCountry "POL"]

1. e4 c5 2. Nf3 d6 3. Bb5+ Bd7 4. Bxd7+ Qxd7 5. 0-0 g6 6. e5 Bg7 7. Re1 Nc6 8. exd6 Qxd6 9. Nc3 Nf6 10. d3 0-0 11. Ng5 b6 12. Be3 Nd5 13. Bd2 e5 14. Qg4 Rad8 15. Qh3 h6 16. Nge4 Qd7 17. Qxd7 Rxd7 18. Nxd5 Rxd5 19. Bxh6 f5 20. Nc3 Rd7 21. Bxg7 Kxg7 22. a3 Kf6 23. Ne2 g5 24. h3 Rh8 25. f3 Rhd8 26. Kf2 a5 27. Rh1 a4 28. Nc3 Rd4 29. Nb5 R4d7 30. Rae1 c4 31. dxc4 Na5 32. Re2 Nxc4 33. b3 axb3 34. cxb3 Na5 35. b4 Nb3 36. Rb1 Rd3 37. Rbb2 f4 38. Rec2 Nd4 39. Nxd4 R8xd4 40. Rc6+ Rd6 41. Rbc2 Ke6 42. Rxd6+ Kxd6 43. b5 Rxa3 44. Rc6+ Kd5 45. Rxb6 Ra2+ 46. Kg1 Rb2 47. Rg6 Rxb5 48. Rxg5 Ke6 49. Kh2 Rb2 50. Kg1 Kf6 51. h4 Ra2 52. Kh2 Re2 53. Kh3 Re1 54. Kg4 Rg1 55. Kh5 Rh1 56. Rg4 Kf5 57. Rg8 Rg1 58. Rg5+ Kf6 59. Kh6 Ra1 60. h5 Ra8 61. Rg6+ Kf5 62. Kh7 Rb8 63. Rg7 Kf6 64. h6 Rf8 65. Rg6+ Kf7 66. Rg7+ Kf6 67. Rg6+ Kf7 68. Rb6 Rc8 69. Rb7+ Kf6 70. Rg7 Rf8 71. Rg8 Rf7+ 72. Rg7 Rf8 1/2-1/2

[Event "POL-chT 3rd League Wielkopolska 12/13"]
[Site "Poznan"]
[Date "2012.11.25"]
[Round "1.21"]
[White "Skrzypczak, Michal"]
[Black "Przybylski, Bartosz"]
[Result "1-0"]
[WhiteElo "1984"]
[BlackElo "2105"]
[PlyCount "113"]
[EventDate "2012.11.25"]
[EventType "team-tourn"]
[EventRounds "11"]
[EventCountry "POL"]
[SourceTitle "EXT 2014"]
[Source "ChessBase"]
[SourceDate "2013.11.20"]
[SourceVersion "1"]
[SourceVersionDate "2013.11.20"]
[SourceQuality "1"]
[WhiteTeam "Srem LKS Piast"]
[BlackTeam "Kornik MUKS Wieza Kornicka"]
[WhiteTeamCountry "POL"]
[BlackTeamCountry "POL"]

1. e4 c5 2. Nf3 e6 3. Nc3 Nc6 4. Bb5 Nge7 5. 0-0 a6 6. Bxc6 Nxc6 7. a4 Be7 8. Re1 d6 9. d4 cxd4 10. Nxd4 0-0 11. Be3 Ne5 12. Qe2 Qc7 13. Rad1 Bd7 14. Bc1 Rac8 15. f4 Nc4 16. Kh1 Nb6 17. a5 Na4 18. Nxa4 Bxa4 19. b3 Bd7 20. Qh5 e5 21. fxe5 dxe5 22. Nf3 f6 23. Nh4 Rf7 24. c4 g5 25. Rxd7 Qxd7 26. Nf5 Bf8 27. h4 Rc6 28. Rd1 Qc8 29. Ba3 Rd7 30. Rxd7 Qxd7 31. Bxf8 Kxf8 32. Qh6+ Ke8 33. hxg5 fxg5 34. Qxg5 Rg6 35. Qh5 Kd8 36. Ne3 Qe6 37. Kg1 h6 38. Qd1+ Kc8 39. Nd5 Kb8 40. c5 Qg4 41. Qd2 Qg5 42. Qb2 h5 43. Nb6 Qe3+ 44. Kh2 Qf4+ 45. Kg1 Rg7 46. Qe2 h4 47. c6 Qc1+ 48. Kh2 Qxc6 49. Qh5 Rg8 50. Qxe5+ Qc7 51. Qxc7+ Kxc7 52. Nd5+ Kd6 53. Ne3 Ke5 54. Nc4+ Ke6 55. Ne3 Rg3 56. Nf5 Rxb3 57. Nd4+ 1-0

[Event "POL-chT 2nd League"]
[Site "Lazy"]
[Date "2012.09.07"]
[Round "7"]
[White "Kozlowski, Tomasz"]
[Black "Przybylski, Bartosz"]
[Result "0-1"]
[WhiteElo "1947"]
[BlackElo "2102"]
[PlyCount "50"]
[EventDate "2012.09.01"]
[EventType "team-swiss"]
[EventRounds "9"]
[EventCountry "POL"]
[SourceTitle "EXT 2019"]
[Source "ChessBase"]
[SourceDate "2018.10.10"]
[SourceVersion "1"]
[SourceVersionDate "2018.10.10"]
[SourceQuality "1"]
[WhiteTeam "Srem LKS Piast"]
[BlackTeam "Kornik MUKS Wieza Kornicka"]
[WhiteTeamCountry "POL"]
[BlackTeamCountry "POL"]

1. b3 Nf6 2. Bb2 d5 3. e3 Nc6 4. Bb5 Bd7 5. Nf3 e6 6. 0-0 Bd6 7. d4 Ne4 8. c4 0-0 9. c5 Be7 10. Nbd2 f5 11. Bxc6 Bxc6 12. Ne5 Bb5 13. Re1 Bf6 14. b4 Bxe5 15. dxe5 Qh4 16. Nxe4 fxe4 17. g3 Qh3 18. Qd2 Rf3 19. a4 Bd3 20. Ra3 Raf8 21. Rxd3 Rxf2 22. Qxf2 Rxf2 23. Kxf2 Qxh2+ 24. Kf1 exd3 25. Bc3 Qc2 0-1

[Event "POL-chT 2nd League"]
[Site "Lazy"]
[Date "2012.09.03"]
[Round "3"]
[White "Pacuszka, Tomasz"]
[Black "Przybylski, Bartosz"]
[Result "1/2-1/2"]
[WhiteElo "2273"]
[BlackElo "2102"]
[PlyCount "72"]
[EventDate "2012.09.01"]
[EventType "team-swiss"]
[EventRounds "9"]
[EventCountry "POL"]
[SourceTitle "EXT 2019"]
[Source "ChessBase"]
[SourceDate "2018.10.10"]
[SourceVersion "1"]
[SourceVersionDate "2018.10.10"]
[SourceQuality "1"]
[WhiteTeam "Grudziadz Rotmistrz"]
[BlackTeam "Kornik MUKS Wieza Kornicka"]
[WhiteTeamCountry "POL"]
[BlackTeamCountry "POL"]

1. g3 Nf6 2. Bg2 d5 3. d3 g6 4. Nd2 Bg7 5. Ngf3 0-0 6. 0-0 Re8 7. c3 e5 8. e4 dxe4 9. dxe4 Nc6 10. Qc2 h6 11. b4 Nh7 12. Nc4 Be6 13. Ne3 Qc8 14. Bb2 Ng5 15. Nxg5 hxg5 16. Rfd1 f5 17. f3 Ne7 18. Nf1 c5 19. b5 a6 20. c4 f4 21. a4 Qc7 22. Nd2 Rad8 23. Nb3 a5 24. g4 Nc8 25. Bf1 b6 26. Rac1 Rxd1 27. Rxd1 Rd8 28. Rxd8+ Qxd8 29. Qd3 Qxd3 30. Bxd3 Nd6 31. Nd2 Kf7 32. Kf2 Kf6 33. Ke2 Bf8 34. h3 Be7 35. Kd1 Bd8 36. Kc2 Bc7 1/2-1/2

[Event "POL-chT 2nd League"]
[Site "Lazy"]
[Date "2012.09.01"]
[Round "1"]
[White "Borkowski, Franciszek"]
[Black "Przybylski, Bartosz"]
[Result "1-0"]
[WhiteElo "2318"]
[BlackElo "2102"]
[PlyCount "103"]
[EventDate "2012.09.01"]
[EventType "team-swiss"]
[EventRounds "9"]
[EventCountry "POL"]
[SourceTitle "EXT 2019"]
[Source "ChessBase"]
[SourceDate "2018.10.10"]
[SourceVersion "1"]
[SourceVersionDate "2018.10.10"]
[SourceQuality "1"]
[WhiteTeam "Gant Hetman"]
[BlackTeam "Kornik MUKS Wieza Kornicka"]
[WhiteTeamCountry "POL"]
[BlackTeamCountry "POL"]

1. e4 c5 2. Nf3 e6 3. d3 Nc6 4. g3 Nge7 5. Bg2 d5 6. Nbd2 g6 7. 0-0 Bg7 8. Re1 0-0 9. e5 Qc7 10. Qe2 b6 11. c3 Ba6 12. Nf1 h6 13. h4 Rab8 14. Bf4 b5 15. Qd2 Kh7 16. N1h2 Rb7 17. Ng4 Ng8 18. b4 Qe7 19. a3 Rc8 20. Be3 cxb4 21. axb4 Nb8 22. Ra3 Bf8 23. Rea1 Qc7 24. Bd4 Ne7 25. Bc5 Ng8 26. Bd4 Ne7 27. Nf6+ Kg7 28. g4 Ng8 29. Nxg8 Kxg8 30. Rxa6 Nxa6 31. Rxa6 Kh7 32. g5 h5 33. Nh2 Be7 34. f4 Qd7 35. Nf1 Bd8 36. Bc5 Bb6 37. Ra1 a5 38. d4 a4 39. Ne3 Re8 40. Qe2 Bc7 41. f5 Bb6 42. f6 Reb8 43. Bf3 Rh8 44. Qd3 Kg8 45. Ng2 Bxc5 46. dxc5 Qc7 47. Re1 a3 48. Ra1 Qxe5 49. Rxa3 Kh7 50. Bxh5 Rd8 51. Bf3 Rdd7 52. c6 1-0

[Event "POL-chT 2nd League"]
[Site "Mrzezyno"]
[Date "2011.09.10"]
[Round "8.62"]
[White "Przybylski, Bartosz"]
[Black "Lercel, Michal"]
[Result "1/2-1/2"]
[WhiteElo "2099"]
[BlackElo "2184"]
[PlyCount "114"]
[EventDate "2011.09.03"]
[EventType "team-swiss"]
[EventRounds "9"]
[EventCountry "POL"]
[SourceTitle "EXT 2019"]
[Source "ChessBase"]
[SourceDate "2018.10.10"]
[SourceVersion "1"]
[SourceVersionDate "2018.10.10"]
[SourceQuality "1"]
[WhiteTeam "Kornik MUKS Wieza Kornicka"]
[BlackTeam "Wisznia Mala OKSiR"]
[WhiteTeamCountry "POL"]
[BlackTeamCountry "POL"]

1. e4 c5 2. Nf3 Nc6 3. Nc3 d6 4. Bc4 e6 5. d3 Be7 6. 0-0 Nf6 7. Bf4 0-0 8. h3 e5 9. Bg5 Ne8 10. Bxe7 Qxe7 11. Nd5 Qd8 12. Nh2 Be6 13. f4 exf4 14. Rxf4 Ne5 15. Qe2 Nc7 16. Raf1 Nxd5 17. Bxd5 Bxd5 18. exd5 Ng6 19. Rf5 Qh4 20. Ng4 Rae8 21. Qf2 Qxf2+ 22. R5xf2 h5 23. Nh2 Re5 24. Rf5 f6 25. Rxe5 fxe5 26. Rxf8+ Kxf8 27. Nf1 Nf4 28. Ne3 g6 29. h4 Ne2+ 30. Kf2 Nd4 31. g3 Ke7 32. c3 Nf5 33. Nc4 Kd7 34. Kf3 Ne7 35. Ke4 Nf5 36. Kf3 b5 37. Nd2 Ne7 38. Ke4 Nf5 39. Kf3 Ne7 40. Ke4 Nf5 41. Nf1 Ke7 42. Kf3 Nh6 43. Nd2 Ng4 44. Nf1 Kd7 45. b3 Ke7 46. Ke2 Kd7 47. Kf3 Ke7 48. a3 a5 49. a4 b4 50. cxb4 axb4 51. Ke2 Kd7 52. Ne3 Nxe3 53. Kxe3 Kc7 54. Kf3 Kb6 55. Ke4 Ka5 56. Ke3 Kb6 57. Kf3 Ka5 1/2-1/2

[Event "POL-chT 2st League"]
[Site "Mrzezyno"]
[Date "2010.09.04"]
[Round "1.75"]
[White "Perdek, Miroslaw"]
[Black "Przybylski, Bartosz"]
[Result "1-0"]
[WhiteElo "2257"]
[BlackElo "2076"]
[PlyCount "45"]
[EventDate "2010.09.04"]
[EventType "team-swiss"]
[EventRounds "9"]
[EventCountry "POL"]
[SourceTitle "EXT 2019"]
[Source "ChessBase"]
[SourceDate "2018.10.10"]
[SourceVersion "1"]
[SourceVersionDate "2018.10.10"]
[SourceQuality "1"]
[WhiteTeam "Wroclaw KS Polonia II"]
[BlackTeam "Kornik MUKS Wieza Kornicka"]
[WhiteTeamCountry "POL"]
[BlackTeamCountry "POL"]

1. e4 c5 2. Nf3 e6 3. d4 cxd4 4. Nxd4 a6 5. Bd3 Qc7 6. 0-0 Nf6 7. Qe2 Nc6 8. Nxc6 dxc6 9. e5 Nd7 10. Bf4 Nc5 11. Rd1 b5 12. Nc3 Bb7 13. Rd2 0-0-0 14. a4 Be7 15. axb5 cxb5 16. Ne4 Rd4 17. f3 Nxe4 18. Bxe4 Bc5 19. Bxb7+ Qxb7 20. Be3 Rxd2 21. Qxd2 Qb6 22. Qc3 Kb7 23. Qxc5 1-0

[Event "Poznan op-A"]
[Site "Poznan"]
[Date "2004.07.21"]
[Round "6"]
[White "Mikolajczyk, Mariusz"]
[Black "Przybylski, Bartosz"]
[Result "1/2-1/2"]
[WhiteElo "2007"]
[BlackElo "2135"]
[PlyCount "39"]
[EventDate "2004.07.17"]
[EventType "swiss"]
[EventRounds "9"]
[EventCountry "POL"]
[SourceTitle "EXT 2008"]
[Source "ChessBase"]
[SourceDate "2007.11.25"]
[SourceVersion "1"]
[SourceVersionDate "2007.11.25"]
[SourceQuality "1"]

1. c4 c5 2. Nc3 Nc6 3. Nf3 g6 4. g3 Bg7 5. Bg2 e6 6. e3 Nge7 7. d4 cxd4 8. Nxd4 a6 9. 0-0 0-0 10. b3 Nf5 11. Nce2 Nfxd4 12. Nxd4 Nxd4 13. exd4 d5 14. cxd5 exd5 15. Be3 Bf5 16. Qd2 Be4 17. Bh6 Bxg2 18. Bxg7 Kxg7 19. Kxg2 Qf6 20. Rfe1 1/2-1/2

[Event "Poznan op-A"]
[Site "Poznan"]
[Date "2003.07.08"]
[Round "2"]
[White "Schmidt, Wlodzimierz"]
[Black "Przybylski, Bartosz"]
[Result "1-0"]
[WhiteElo "2406"]
[BlackElo "2090"]
[PlyCount "74"]
[EventDate "2003.07.07"]
[EventType "swiss"]
[EventRounds "9"]
[EventCountry "POL"]
[SourceTitle "CBM 095 Extra"]
[Source "ChessBase"]
[SourceDate "2003.09.04"]
[SourceVersion "1"]
[SourceVersionDate "2003.09.04"]
[SourceQuality "1"]

1. Nf3 c5 2. c4 Nc6 3. d4 cxd4 4. Nxd4 g6 5. e4 Bg7 6. Be3 a6 7. Nc3 e6 8. Qd2 Nge7 9. Be2 d6 10. 0-0 0-0 11. Rfd1 d5 12. cxd5 exd5 13. exd5 Ne5 14. Nb3 b5 15. Bh6 Bxh6 16. Qxh6 Bb7 17. Qf4 f6 18. d6 Nf5 19. Nc5 Qc8 20. b4 g5 21. Qd2 Qc6 22. Nxb7 Qxb7 23. f4 gxf4 24. Qxf4 Qb6+ 25. Kh1 Nxd6 26. Nd5 Qd8 27. Rf1 Ne8 28. Qg3+ Ng7 29. Rad1 Kh8 30. Nxf6 Qe7 31. Qg5 Ng6 32. Bd3 Ne6 33. Qf5 Nd4 34. Qf2 Ne5 35. Qxd4 Rxf6 36. Rxf6 Qxf6 37. Bxh7 Nc6 1-0